[Event "Deutsche Ländermeisterschaft 2015"]
[Site "Hannover GER"]
[Date "2015.10.05"]
[Round "5"]
[White "Carow, Johannes"]
[Black "Bilchinski, Anton"]
[Result "1-0"]
[Termination "normal"]
[Board "1.1"]
[WhiteTitle "FM"]
[BlackTitle "FM"]
[WhiteElo "2430"]
[BlackElo "2271"]
[WhiteClock "00:13:54"]
[BlackClock "00:34:13"]
[WhiteTeam "Rheinland-Pfalz"]
[BlackTeam "Bayern"]
[PlyCount "61"]
[WhiteFideId "24692050"]
[BlackFideId "24615765"]
[EventCountry "GER"]
[EventRounds "7"]
[EventType "team-swiss"]
[EventDate "2015.10.02"]

1. d4 d5 2. c4 c6 3. Nc3 Nf6 4. e3 e6 5. Nf3 Nbd7 6. Qc2 b6 7. Bd3 Bb7 8. O-O
Be7 9. b3 O-O 10. Bb2 h6 11. Rad1 Qc7 12. Rfe1 Rac8 13. Qe2 dxc4 14. Bxc4 b5
15. Bd3 b4 16. Na4 Nd5 17. Rc1 N5b6 18. Nxb6 Nxb6 19. d5 Nd7 20. Bb1 Rfd8 21.
Qc2 Nf8 22. Qe4 a5 23. Qg4 f6 24. Nd4 Qd7 25. Bd3 Re8 26. Red1 Kh8 27. Bc4 Bc5
28. Nxe6 Qe7 29. Nxc5 Qxc5 30. Bxf6 Rc7 31. Qf4 1-0

[Event "Deutsche Ländermeisterschaft 2015"]
[Site "Hannover GER"]
[Date "2015.10.05"]
[Round "5"]
[White "Gretz, Denis"]
[Black "Keymer, Vincent"]
[Result "0-1"]
[Termination "normal"]
[Board "1.2"]
[WhiteElo "2129"]
[BlackElo "2356"]
[WhiteClock "00:16:38"]
[BlackClock "00:44:32"]
[WhiteTeam "Bayern"]
[BlackTeam "Rheinland-Pfalz"]
[PlyCount "96"]
[WhiteFideId "12945188"]
[BlackFideId "12940690"]
[EventCountry "GER"]
[EventRounds "7"]
[EventType "team-swiss"]
[EventDate "2015.10.02"]

1. e4 e5 2. Nf3 Nc6 3. Bc4 Bc5 4. c3 Nf6 5. d3 a6 6. Bb3 d6 7. Nbd2 O-O 8. h3
Ba7 9. O-O h6 10. Re1 Re8 11. Nf1 Be6 12. Ng3 Qd7 13. d4 exd4 14. Bxe6 Rxe6 15.
cxd4 Re7 16. d5 Ne5 17. Nf5 Ree8 18. Nxe5 Rxe5 19. Qf3 h5 20. Bf4 Rxe4 21. Bh6
g6 22. Ne3 Bxe3 23. Rxe3 Qf5 24. Rc1 Qxf3 25. gxf3 Rd4 26. Rb3 Nxd5 27. Rxb7
Re8 28. Rb3 c5 29. Be3 Nxe3 30. fxe3 Rd2 31. Rc4 Re5 32. f4 Red5 33. e4 R5d3
34. Rxd3 Rxd3 35. Ra4 Rxh3 36. Rxa6 Rd3 37. a4 Rd4 38. f5 g5 39. a5 Kg7 40. b3
Kf6 41. Kf2 g4 42. Rb6 Ke5 43. Rb7 Kf4 44. Rxf7 h4 45. Rh7 g3+ 46. Ke2 Rxe4+
47. Kd3 g2 48. Rg7 Re3+ 0-1

[Event "Deutsche Ländermeisterschaft 2015"]
[Site "Hannover GER"]
[Date "2015.10.05"]
[Round "5"]
[White "Wilhelm, Till"]
[Black "Hess, Max"]
[Result "0-1"]
[Termination "normal"]
[Board "1.3"]
[WhiteElo "2209"]
[BlackElo "2221"]
[WhiteClock "00:03:11"]
[BlackClock "00:17:18"]
[WhiteTeam "Rheinland-Pfalz"]
[BlackTeam "Bayern"]
[PlyCount "118"]
[WhiteFideId "12942391"]
[BlackFideId "24656666"]
[EventCountry "GER"]
[EventRounds "7"]
[EventType "team-swiss"]
[EventDate "2015.10.02"]

1. d4 Nf6 2. Nf3 g6 3. Bg5 Bg7 4. Nbd2 d5 5. e3 O-O 6. Be2 c6 7. O-O Bg4 8. h3
Bxf3 9. Nxf3 Nbd7 10. c4 e6 11. Qc2 Re8 12. Rfd1 Rc8 13. Rac1 a6 14. a4 h6 15.
Bh4 g5 16. Bg3 Ne4 17. Bh2 f5 18. Nd2 Nxd2 19. Rxd2 Rf8 20. Bd6 Rf6 21. Qb3 Qb6
22. Qxb6 Nxb6 23. c5 Nd7 24. b4 Bf8 25. Bxf8 Rfxf8 26. b5 axb5 27. axb5 Ra8 28.
Rb1 Ra7 29. bxc6 bxc6 30. Rdb2 e5 31. Rb7 Rfa8 32. Bd3 e4 33. Bc2 Kf8 34. Ba4
Rxb7 35. Rxb7 Nxc5 36. dxc5 Rxa4 37. Rb6 Ra1+ 38. Kh2 Ra2 39. Kg1 Ra1+ 40. Kh2
Ra2 41. Kg1 Ra1+ 42. Kh2 Rf1 43. Rxc6 Rxf2 44. Rd6 f4 45. c6 Ke7 46. Rxd5 f3
47. Re5+ Kd6 48. Rxe4 Rxg2+ 49. Kh1 Re2 50. Kg1 Rg2+ 51. Kf1 Rg3 52. Rc4 Kc7
53. h4 g4 54. Rf4 Kxc6 55. Rf6+ Kd5 56. Rxh6 Rh3 57. Kf2 Rh2+ 58. Kg1 g3 59.
Rf6 f2+ 0-1

[Event "Deutsche Ländermeisterschaft 2015"]
[Site "Hannover GER"]
[Date "2015.10.05"]
[Round "5"]
[White "Tong, Kevin"]
[Black "Muckle, Julius"]
[Result "1/2-1/2"]
[Termination "normal"]
[Board "1.4"]
[WhiteElo "2021"]
[BlackElo "2101"]
[WhiteClock "00:05:59"]
[BlackClock "00:02:58"]
[WhiteTeam "Bayern"]
[BlackTeam "Rheinland-Pfalz"]
[PlyCount "118"]
[WhiteFideId "12913944"]
[BlackFideId "12942430"]
[EventCountry "GER"]
[EventRounds "7"]
[EventType "team-swiss"]
[EventDate "2015.10.02"]

1. e4 e6 2. d4 d5 3. Nc3 Nf6 4. Bg5 Be7 5. e5 Nfd7 6. h4 Bxg5 7. hxg5 Qxg5 8.
Qd3 g6 9. Nh3 Qe7 10. O-O-O Nc6 11. f4 Nb6 12. Ng5 h6 13. Rh4 Bd7 14. Be2 O-O-O
15. Rdh1 Qf8 16. g4 f6 17. Nf3 fxe5 18. fxe5 Qg7 19. Qe3 g5 20. R4h2 Rdf8 21.
Bd3 Be8 22. a3 Ne7 23. Ne2 Ng6 24. Nd2 Nf4 25. Kb1 Nxe2 26. Bxe2 Bg6 27. Nb3
Nd7 28. Qc3 Rf4 29. Qa5 Kb8 30. Qb4 Be4 31. Rc1 Qf8 32. Qc3 Bf3 33. Bxf3 Rxf3
34. Qd2 Rf4 35. Qe2 Re4 36. Qg2 c5 37. c3 Qf4 38. Nd2 Re3 39. Rf1 Qg3 40. Ka2
cxd4 41. cxd4 Qxg2 42. Rxg2 Rf8 43. Rh1 Rf4 44. Nb3 Rff3 45. Nd2 Rh3 46. Rgh2
Rxh2 47. Rxh2 Rg3 48. Rxh6 Rxg4 49. Nb3 a5 50. a4 Nf8 51. Rh8 Rf4 52. Nxa5 Ka7
53. Nb3 g4 54. Rg8 Nd7 55. Rg6 Nb8 56. Rxe6 Nc6 57. Rd6 Nxd4 58. Nxd4 Rxd4 59.
Kb3 g3 1/2-1/2

[Event "Deutsche Ländermeisterschaft 2015"]
[Site "Hannover GER"]
[Date "2015.10.05"]
[Round "5"]
[White "Karsay, Pascal"]
[Black "Schneider, Jana"]
[Result "0-1"]
[Termination "normal"]
[Board "1.5"]
[WhiteElo "2100"]
[BlackElo "2024"]
[WhiteClock "00:12:01"]
[BlackClock "00:13:07"]
[WhiteTeam "Rheinland-Pfalz"]
[BlackTeam "Bayern"]
[PlyCount "72"]
[WhiteFideId "12953474"]
[BlackFideId "12924997"]
[EventCountry "GER"]
[EventRounds "7"]
[EventType "team-swiss"]
[EventDate "2015.10.02"]

1. d4 d5 2. c4 e6 3. Nc3 Be7 4. cxd5 exd5 5. Bf4 Nf6 6. e3 O-O 7. Bd3 Be6 8. h3
b6 9. Nf3 c5 10. O-O Nc6 11. Rc1 c4 12. Bb1 a6 13. Ne5 Na5 14. Ne2 b5 15. g4
Rc8 16. Ng3 b4 17. g5 Ne8 18. Qh5 g6 19. Qh6 Ng7 20. Ng4 Nc6 21. e4 Nxd4 22. e5
Bxg4 23. hxg4 Nf3+ 24. Kg2 Bxg5 25. Bxg5 Qxg5 26. Qxg5 Nxg5 27. f4 N5e6 28. Kf3
Rfd8 29. Rf2 Rc7 30. f5 Ng5+ 31. Ke2 Re8 32. e6 gxf5 33. gxf5 fxe6 34. f6 Nf5
35. Rg1 Kf7 36. Kd2 Nh3 0-1

[Event "Deutsche Ländermeisterschaft 2015"]
[Site "Hannover GER"]
[Date "2015.10.05"]
[Round "5"]
[White "Siegl, Melina"]
[Black "Schwarz, Larissa"]
[Result "1-0"]
[Termination "normal"]
[Board "1.6"]
[WhiteElo "1926"]
[BlackElo "1928"]
[WhiteClock "00:17:51"]
[BlackClock "00:08:04"]
[WhiteTeam "Bayern"]
[BlackTeam "Rheinland-Pfalz"]
[PlyCount "67"]
[WhiteFideId "1272126"]
[BlackFideId "24699004"]
[EventCountry "GER"]
[EventRounds "7"]
[EventType "team-swiss"]
[EventDate "2015.10.02"]

1. e4 c5 2. Nf3 e6 3. d3 Nc6 4. g3 d5 5. Nbd2 g6 6. Bg2 Bg7 7. O-O Nf6 8. Re1
O-O 9. Qe2 b6 10. Nf1 Ba6 11. e5 Nd7 12. Bf4 h6 13. h4 Rc8 14. c3 b5 15. Qd2
Kh7 16. N1h2 Ne7 17. Kh1 Qb6 18. g4 b4 19. c4 Rcd8 20. Qc2 Nb8 21. h5 Nbc6 22.
b3 dxc4 23. dxc4 Bb7 24. Rad1 Nd4 25. Nxd4 Bxg2+ 26. Kxg2 Rxd4 27. Rxd4 cxd4
28. Nf3 Rd8 29. Rd1 Qc5 30. Qe4 Nc6 31. g5 a5 32. gxh6 Bxh6 33. hxg6+ fxg6 34.
Rh1 1-0

[Event "Deutsche Ländermeisterschaft 2015"]
[Site "Hannover GER"]
[Date "2015.10.05"]
[Round "5"]
[White "Ley, Sabrina"]
[Black "Weller, Uli"]
[Result "0-1"]
[Termination "normal"]
[Board "1.7"]
[WhiteElo "1833"]
[BlackElo "1921"]
[WhiteClock "00:13:30"]
[BlackClock "01:11:13"]
[WhiteTeam "Rheinland-Pfalz"]
[BlackTeam "Bayern"]
[PlyCount "96"]
[WhiteFideId "12938130"]
[BlackFideId "12971782"]
[EventCountry "GER"]
[EventRounds "7"]
[EventType "team-swiss"]
[EventDate "2015.10.02"]

1. e4 e6 2. d4 d5 3. Nc3 dxe4 4. Nxe4 Nd7 5. Bd3 Ngf6 6. Bg5 Be7 7. Nf3 Nxe4 8.
Bxe7 Nxf2 9. Bxd8 Nxd1 10. Rxd1 Kxd8 11. Ng5 Ke7 12. Nxh7 f6 13. g4 c5 14. c3
cxd4 15. cxd4 e5 16. g5 exd4 17. Rf1 Ne5 18. gxf6+ gxf6 19. Nxf6 Rxh2 20. Rd2
Nxd3+ 21. Rxd3 Rxb2 22. Rxd4 Rb1+ 23. Rd1 Rxd1+ 24. Kxd1 Be6 25. Ne4 Bxa2 26.
Rf2 Bd5 27. Nc3 Bc6 28. Kc2 Kd6 29. Kb3 b5 30. Rf5 a6 31. Ne2 Bd5+ 32. Kb4 Bc4
33. Nd4 a5+ 34. Kc3 Rb8 35. Rg5 Rc8 36. Kb2 Rb8 37. Kc3 Rb7 38. Rf5 Bd5 39. Rg5
b4+ 40. Kb2 a4 41. Nc2 Kc5 42. Rg4 Rb5 43. Rh4 a3+ 44. Nxa3 bxa3+ 45. Kxa3 Rb3+
46. Ka4 Re3 47. Ka5 Bf3 48. Rf4 Be4 0-1

[Event "Deutsche Ländermeisterschaft 2015"]
[Site "Hannover GER"]
[Date "2015.10.05"]
[Round "5"]
[White "Khamenya, Vitalia"]
[Black "Kalina, Lena"]
[Result "1/2-1/2"]
[Termination "normal"]
[Board "1.8"]
[WhiteElo "1565"]
[BlackElo "1086"]
[WhiteClock "00:31:36"]
[BlackClock "00:47:27"]
[WhiteTeam "Bayern"]
[BlackTeam "Rheinland-Pfalz"]
[PlyCount "91"]
[WhiteFideId "12959260"]
[BlackFideId "12988014"]
[EventCountry "GER"]
[EventRounds "7"]
[EventType "team-swiss"]
[EventDate "2015.10.02"]

1. e4 g6 2. d4 Bg7 3. Nf3 c6 4. Nc3 d5 5. e5 Bg4 6. Be2 Nd7 7. h3 Bxf3 8. Bxf3
e6 9. O-O Ne7 10. Ne2 Nf5 11. Nf4 c5 12. c3 cxd4 13. cxd4 Qb6 14. Be3 Qxb2 15.
Rb1 Qxa2 16. Rxb7 Qa6 17. Rc7 Rd8 18. Qa1 Qb6 19. Qxa7 Qxa7 20. Rxa7 O-O 21.
Rb1 Nb8 22. Rc1 Rc8 23. Rac7 Rxc7 24. Rxc7 Na6 25. Ra7 Nb4 26. Bd1 Nc6 27. Ra4
Bh6 28. g3 Rb8 29. Kf1 Rb1 30. Ke2 Rb2+ 31. Ke1 Bf8 32. Nd3 Rb1 33. Kd2 Rb8 34.
Kc3 Rb1 35. Kc2 Rb8 36. Kc1 Rc8 37. Kb2 Rb8+ 38. Ka2 Nxe3 39. fxe3 Nb4+ 40.
Nxb4 Bxb4 41. g4 Bd2 42. Ra3 Bc1 43. Rc3 Bd2 44. Ra3 Bc1 45. Rc3 Bd2 46. Ra3
1/2-1/2

[Event "Deutsche Ländermeisterschaft 2015"]
[Site "Hannover GER"]
[Date "2015.10.05"]
[Round "5"]
[White "Richter, Leonard"]
[Black "Holtel, Jasper"]
[Result "1/2-1/2"]
[Termination "normal"]
[Board "2.1"]
[BlackTitle "FM"]
[WhiteElo "2281"]
[BlackElo "2316"]
[WhiteClock "00:00:46"]
[BlackClock "00:04:44"]
[WhiteTeam "Sachsen"]
[BlackTeam "Nordrhein-Westfalen"]
[PlyCount "68"]
[WhiteFideId "12900290"]
[BlackFideId "12956376"]
[EventCountry "GER"]
[EventRounds "7"]
[EventType "team-swiss"]
[EventDate "2015.10.02"]

1. e4 c5 2. Nf3 d6 3. d4 cxd4 4. Nxd4 Nf6 5. Nc3 a6 6. Bg5 Nbd7 7. f4 Qa5 8.
Qf3 h6 9. Bh4 e5 10. Nb3 Qc7 11. O-O-O exf4 12. Bxf6 Nxf6 13. Qxf4 Be7 14. Kb1
O-O 15. Bd3 b5 16. Nd4 Qc5 17. Nd5 Nxd5 18. exd5 Bg5 19. Qf3 Kh8 20. Ne6 Bxe6
21. dxe6 Rae8 22. exf7 Re3 23. Qh5 Re6 24. Rde1 g6 25. Bxg6 Rxe1+ 26. Rxe1 Qf2
27. Qd1 Kg7 28. Bh5 b4 29. Re2 Qc5 30. Re8 Bf6 31. h4 Bxh4 32. Rxf8 Kxf8 33. g4
Qe5 34. Qh1 Bd8 1/2-1/2

[Event "Deutsche Ländermeisterschaft 2015"]
[Site "Hannover GER"]
[Date "2015.10.05"]
[Round "5"]
[White "Schröder, Kevin"]
[Black "Urban, Konstantin"]
[Result "0-1"]
[Termination "normal"]
[Board "2.2"]
[WhiteElo "2298"]
[BlackElo "2182"]
[WhiteClock "00:34:48"]
[BlackClock "00:10:26"]
[WhiteTeam "Nordrhein-Westfalen"]
[BlackTeam "Sachsen"]
[PlyCount "68"]
[WhiteFideId "12929840"]
[BlackFideId "12927511"]
[EventCountry "GER"]
[EventRounds "7"]
[EventType "team-swiss"]
[EventDate "2015.10.02"]

1. d4 Nf6 2. Nf3 g6 3. c4 Bg7 4. Nc3 O-O 5. Bf4 d6 6. h3 Nc6 7. e3 Nd7 8. d5
Nce5 9. Nd2 c5 10. Be2 a6 11. O-O f5 12. Qc2 Nf6 13. Rab1 b5 14. cxb5 axb5 15.
Bxb5 Nh5 16. a4 Rb8 17. Rfd1 g5 18. Bxg5 f4 19. Bd3 h6 20. Bxf4 Nxf4 21. exf4
Rxf4 22. Nde4 Qf8 23. Qe2 Rb4 24. Bc2 Bf5 25. Ng3 Bxc2 26. Qxc2 Qf7 27. Qe2 Nc4
28. Nh5 Nxb2 29. Rxb2 Rxb2 30. Qxb2 Qxh5 31. Rd3 Bd4 32. Rd2 Qe5 33. Re2 Bxc3
34. Qb5 Re4 0-1

[Event "Deutsche Ländermeisterschaft 2015"]
[Site "Hannover GER"]
[Date "2015.10.05"]
[Round "5"]
[White "Herbrig, Alexander"]
[Black "Mundorf, Johannes"]
[Result "0-1"]
[Termination "normal"]
[Board "2.3"]
[WhiteElo "2017"]
[BlackElo "2211"]
[WhiteClock "00:00:35"]
[BlackClock "00:00:52"]
[WhiteTeam "Sachsen"]
[BlackTeam "Nordrhein-Westfalen"]
[PlyCount "142"]
[WhiteFideId "12952044"]
[BlackFideId "24672491"]
[EventCountry "GER"]
[EventRounds "7"]
[EventType "team-swiss"]
[EventDate "2015.10.02"]

1. e4 e6 2. d4 d5 3. Nc3 Nf6 4. Bg5 dxe4 5. Nxe4 Be7 6. Bxf6 gxf6 7. g3 f5 8.
Nc3 Bf6 9. Nge2 Nc6 10. d5 exd5 11. Qxd5 Qxd5 12. Nxd5 Bxb2 13. Nxc7+ Kd8 14.
Rb1 Kxc7 15. Rxb2 Be6 16. Bg2 Rhe8 17. c3 Bc4 18. f4 Re3 19. Bxc6 bxc6 20. Kf2
Rae8 21. Nd4 c5 22. Nxf5 Re2+ 23. Rxe2 Rxe2+ 24. Kf3 Rxa2 25. Ne3 Bb5 26. Kg4
Re2 27. Kf3 Ra2 28. Kg4 a5 29. Kg5 Re2 30. Ng4 Bc4 31. Ne5 Bb3 32. Kf6 a4 33.
Ra1 Rxh2 34. f5 h5 35. Nxf7 Rg2 36. Ng5 Kc6 37. Ne4 Kd5 38. Re1 Bc2 39. c4+
Kxc4 40. Ke7 Kd4 41. Nd6 Bb3 42. f6 Rf2 43. f7 Bxf7 44. Rd1+ Ke3 45. Nxf7 a3
46. Ne5 a2 47. g4 Re2 48. Kf6 hxg4 49. Nxg4+ Ke4 50. Ne5 Rd2 51. Ra1 Kd5 52.
Ng4 Kc4 53. Ne3+ Kb3 54. Rc1 Kb2 55. Rf1 a1=Q 56. Nc4+ Kb3+ 57. Rxa1 Kxc4 58.
Ke5 Re2+ 59. Kd6 Rd2+ 60. Kc6 Kd4 61. Rc1 c4 62. Kb5 c3 63. Kb4 Rb2+ 64. Ka3
Kd3 65. Rh1 Re2 66. Rh8 Kc2 67. Rc8 Re7 68. Rh8 Kd2 69. Rd8+ Kc1 70. Kb3 c2 71.
Rg8 Kb1 0-1

[Event "Deutsche Ländermeisterschaft 2015"]
[Site "Hannover GER"]
[Date "2015.10.05"]
[Round "5"]
[White "Kuckling, Hannah"]
[Black "Hofmann, Rares"]
[Result "0-1"]
[Termination "normal"]
[Board "2.4"]
[WhiteElo "1988"]
[BlackElo "2022"]
[WhiteClock "00:10:12"]
[BlackClock "00:04:46"]
[WhiteTeam "Nordrhein-Westfalen"]
[BlackTeam "Sachsen"]
[PlyCount "66"]
[WhiteFideId "24603660"]
[BlackFideId "12976440"]
[EventCountry "GER"]
[EventRounds "7"]
[EventType "team-swiss"]
[EventDate "2015.10.02"]

1. e4 c5 2. Nc3 a6 3. g4 b5 4. Bg2 Bb7 5. d3 e6 6. Be3 Be7 7. Qe2 Nc6 8. f4 Nd4
9. Qd2 Qc7 10. Nd1 Nc6 11. Nf3 Nf6 12. h3 d5 13. e5 Nd7 14. c3 O-O-O 15. b3 g5
16. d4 gxf4 17. Bxf4 cxd4 18. cxd4 Bb4 19. Nc3 Nxd4 20. Rc1 Nxf3+ 21. Bxf3 d4
22. Qxd4 Nc5 23. Qe3 Rd3 24. O-O Rxe3 25. Bxe3 Qxe5 26. Bf4 Qd4+ 27. Kg2 Bxc3
28. Rfd1 Qxf4 29. Rxc3 Bxf3+ 30. Rxf3 Qc7 31. Rc3 Rd8 32. Rxd8+ Kxd8 33. b4
Qb7+ 0-1

[Event "Deutsche Ländermeisterschaft 2015"]
[Site "Hannover GER"]
[Date "2015.10.05"]
[Round "5"]
[White "Moses, Selina"]
[Black "Browning, Alex"]
[Result "0-1"]
[Termination "normal"]
[Board "2.5"]
[WhiteElo "1926"]
[BlackElo "1936"]
[WhiteClock "00:10:17"]
[BlackClock "01:08:26"]
[WhiteTeam "Sachsen"]
[BlackTeam "Nordrhein-Westfalen"]
[PlyCount "70"]
[WhiteFideId "12908070"]
[BlackFideId "12984019"]
[EventCountry "GER"]
[EventRounds "7"]
[EventType "team-swiss"]
[EventDate "2015.10.02"]

1. e4 c5 2. Nf3 d6 3. d4 cxd4 4. Nxd4 Nf6 5. Nc3 a6 6. Be2 e5 7. Nb3 Be7 8. O-O
O-O 9. f4 Nbd7 10. f5 b5 11. a3 Bb7 12. Bf3 Rc8 13. Qe1 Nb6 14. Qg3 Kh8 15. Bg5
Nc4 16. Rab1 Nxa3 17. Rbc1 Nc4 18. Rb1 Nxb2 19. Rxb2 Rxc3 20. Qe1 Qb6+ 21. Kh1
Rfc8 22. Bxf6 Bxf6 23. Qd2 Qc7 24. Rf2 h6 25. Qd1 Bg5 26. Ra2 Be3 27. Re2 Bb6
28. Rd2 Rd8 29. Re2 a5 30. Nc1 b4 31. Nb3 Ra8 32. Qa1 Ba6 33. Rd2 Bc4 34. Qd1
Bxb3 35. cxb3 Rc1 0-1

[Event "Deutsche Ländermeisterschaft 2015"]
[Site "Hannover GER"]
[Date "2015.10.05"]
[Round "5"]
[White "Browning, Rebecca"]
[Black "Simon, Tessa"]
[Result "0-1"]
[Termination "normal"]
[Board "2.6"]
[WhiteElo "1589"]
[BlackElo "1838"]
[WhiteClock "00:02:58"]
[BlackClock "00:03:05"]
[WhiteTeam "Nordrhein-Westfalen"]
[BlackTeam "Sachsen"]
[PlyCount "88"]
[WhiteFideId "12984027"]
[BlackFideId "12929395"]
[EventCountry "GER"]
[EventRounds "7"]
[EventType "team-swiss"]
[EventDate "2015.10.02"]

1. d4 d5 2. Bf4 Nf6 3. e3 Bf5 4. Nd2 c5 5. c3 e6 6. Ngf3 Nc6 7. Ne5 Bd6 8. Qb3
Qc7 9. Ndf3 O-O 10. Bb5 Be4 11. Bxc6 bxc6 12. dxc5 Bxe5 13. Bxe5 Qd8 14. Nd4
Nd7 15. Nxc6 Qg5 16. Bg3 Nxc5 17. Qa3 Nd3+ 18. Kd2 Rfe8 19. f3 Bg6 20. Nb4 Qf5
21. Nc6 Kh8 22. Nd4 Qf6 23. Ne2 e5 24. Nc1 Qf5 25. Nb3 Rad8 26. Rab1 d4 27.
cxd4 exd4 28. Nxd4 Qg5 29. f4 Nxf4 30. Bxf4 Qxg2+ 31. Kc3 Rc8+ 32. Kb3 Qd5+ 33.
Ka4 Rc4+ 34. b4 a5 35. Rhc1 Bxb1 36. Rxb1 axb4 37. Rxb4 Ra8+ 38. Kb3 Rxa3+ 39.
Kxa3 Qa5+ 40. Kb2 Qxb4+ 41. Nb3 Qc3+ 42. Ka3 Rc6 43. Bc7 Ra6+ 44. Ba5 Rxa5# 0-1

[Event "Deutsche Ländermeisterschaft 2015"]
[Site "Hannover GER"]
[Date "2015.10.05"]
[Round "5"]
[White "Nguyen, Alex Dac-Vuong"]
[Black "Kracht, Raphael"]
[Result "1-0"]
[Termination "normal"]
[Board "2.7"]
[WhiteElo "1824"]
[BlackElo "1532"]
[WhiteClock "01:17:39"]
[BlackClock "01:16:45"]
[WhiteTeam "Sachsen"]
[BlackTeam "Nordrhein-Westfalen"]
[PlyCount "77"]
[WhiteFideId "12984388"]
[BlackFideId "16214382"]
[EventCountry "GER"]
[EventRounds "7"]
[EventType "team-swiss"]
[EventDate "2015.10.02"]

1. e4 e5 2. Nf3 Nc6 3. Bc4 Nf6 4. d4 exd4 5. O-O Nxe4 6. Re1 d5 7. Bxd5 Qxd5 8.
Nc3 Qa5 9. Nxe4 Be6 10. Bd2 Qh5 11. Neg5 O-O-O 12. Nxe6 fxe6 13. Rxe6 Bd6 14.
h3 Rde8 15. Qe2 Rxe6 16. Qxe6+ Kb8 17. Re1 h6 18. g4 Nd8 19. gxh5 Nxe6 20. Rxe6
Rf8 21. Ne5 Bxe5 22. Rxe5 b6 23. Kg2 Kc8 24. f4 c5 25. Kf3 Kd7 26. Ke4 Kd6 27.
f5 Rf7 28. Re6+ Kd7 29. Bf4 Rf8 30. Ke5 Rf7 31. a4 Kc7 32. Bg3 Kd7 33. Bh4 c4
34. Rd6+ Kc7 35. Rxd4 Kc6 36. Rxc4+ Kd7 37. Rd4+ Kc8 38. b3 a5 39. Ke6 1-0

[Event "Deutsche Ländermeisterschaft 2015"]
[Site "Hannover GER"]
[Date "2015.10.05"]
[Round "5"]
[White "Müdder, Melanie"]
[Black "Nguyen, Phuong Thao Vivien"]
[Result "1-0"]
[Termination "normal"]
[Board "2.8"]
[WhiteElo "1585"]
[BlackElo "1205"]
[WhiteClock "00:10:22"]
[BlackClock "00:57:14"]
[WhiteTeam "Nordrhein-Westfalen"]
[BlackTeam "Sachsen"]
[PlyCount "83"]
[WhiteFideId "12994103"]
[BlackFideId "16210735"]
[EventCountry "GER"]
[EventRounds "7"]
[EventType "team-swiss"]
[EventDate "2015.10.02"]

1. e4 c5 2. Nc3 Nc6 3. f4 e6 4. Nf3 d5 5. Be2 d4 6. Nb1 Nge7 7. O-O b6 8. d3
Bb7 9. Na3 Nc8 10. Nc4 Be7 11. Nfe5 Bf6 12. Ng4 Be7 13. f5 exf5 14. Rxf5 O-O
15. Qf1 b5 16. Nce5 Nxe5 17. Rxe5 Bd6 18. Rh5 Ne7 19. Qf3 Ng6 20. Qh3 h6 21.
Bd2 Bc8 22. Rf1 Bxg4 23. Bxg4 Qc7 24. Rhf5 Ne7 25. R5f3 c4 26. Bf5 Nxf5 27.
Rxf5 cxd3 28. cxd3 Kh7 29. Rh5 f6 30. Bxh6 Qc2 31. Bxg7+ Kg8 32. Bxf8 Rxf8 33.
Qe6+ Kg7 34. Qxd6 Qxd3 35. Qe7+ Rf7 36. Rh7+ Kxh7 37. Qxf7+ Kh8 38. Qxf6+ Kh7
39. Qf7+ Kh8 40. Qh5+ Kg8 41. Qg6+ Kh8 42. Rf8# 1-0

[Event "Deutsche Ländermeisterschaft 2015"]
[Site "Hannover GER"]
[Date "2015.10.05"]
[Round "5"]
[White "Powierski, Emil"]
[Black "Heinemann, Josefine"]
[Result "1/2-1/2"]
[Termination "normal"]
[Board "3.1"]
[WhiteElo "2278"]
[BlackElo "2244"]
[WhiteClock "00:38:25"]
[BlackClock "01:09:29"]
[WhiteTeam "Schleswig-Holstein"]
[BlackTeam "Sachsen-Anhalt"]
[PlyCount "40"]
[WhiteFideId "4656199"]
[BlackFideId "12900460"]
[EventCountry "GER"]
[EventRounds "7"]
[EventType "team-swiss"]
[EventDate "2015.10.02"]

1. e4 c5 2. Nf3 d6 3. d4 cxd4 4. Nxd4 Nf6 5. Nc3 a6 6. Be2 e5 7. Nb3 Be7 8. O-O
O-O 9. Re1 Be6 10. Bf3 Nc6 11. Nd5 Bxd5 12. exd5 Na5 13. Nxa5 Qxa5 14. c4 Rac8
15. Bd2 Qc7 16. Rc1 Nd7 17. Be2 f5 18. b4 e4 19. a4 Ne5 20. Bf1 Qd8 1/2-1/2

[Event "Deutsche Ländermeisterschaft 2015"]
[Site "Hannover GER"]
[Date "2015.10.05"]
[Round "5"]
[White "Sieber, Fiona"]
[Black "Krause, Benedict"]
[Result "0-1"]
[Termination "normal"]
[Board "3.2"]
[WhiteTitle "WFM"]
[BlackTitle "FM"]
[WhiteElo "2167"]
[BlackElo "2289"]
[WhiteClock "00:02:39"]
[BlackClock "00:11:13"]
[WhiteTeam "Sachsen-Anhalt"]
[BlackTeam "Schleswig-Holstein"]
[PlyCount "94"]
[WhiteFideId "12902373"]
[BlackFideId "12917990"]
[EventCountry "GER"]
[EventRounds "7"]
[EventType "team-swiss"]
[EventDate "2015.10.02"]

1. e4 c5 2. Nf3 e6 3. d4 cxd4 4. Nxd4 Nc6 5. Nc3 Nf6 6. Ndb5 Bc5 7. Nd6+ Ke7 8.
Bf4 e5 9. Nf5+ Kf8 10. Be3 Bb4 11. Bc4 d5 12. Bxd5 Nxd5 13. Qxd5 Qxd5 14. exd5
Bxf5 15. dxc6 b6 16. O-O-O Bxc3 17. bxc3 Ke7 18. Rd5 f6 19. Rhd1 Be6 20. Rd6
Rhd8 21. Rxd8 Rxd8 22. Rxd8 Kxd8 23. a4 Kc7 24. Kb2 Kxc6 25. Ka3 Bd5 26. f3 Bc4
27. Kb4 Bf1 28. g3 Be2 29. c4 Bxf3 30. c5 bxc5+ 31. Kb3 Bd1 32. Kc3 Be2 33. Kd2
Bc4 34. Kc3 Kd5 35. Bf2 a6 36. Be3 g5 37. Bf2 h6 38. Be3 f5 39. Bc1 f4 40. gxf4
gxf4 41. Bd2 Bf1 42. Bc1 Bh3 43. Kd3 Bf5+ 44. Kc3 Ke4 45. Ba3 Ke3 46. Bxc5+ Ke2
47. Bd6 f3 0-1

[Event "Deutsche Ländermeisterschaft 2015"]
[Site "Hannover GER"]
[Date "2015.10.05"]
[Round "5"]
[White "Kololli, Martin"]
[Black "Kitze, Alexander"]
[Result "1/2-1/2"]
[Termination "normal"]
[Board "3.3"]
[WhiteElo "2158"]
[BlackElo "2172"]
[WhiteClock "00:04:43"]
[BlackClock "00:00:54"]
[WhiteTeam "Schleswig-Holstein"]
[BlackTeam "Sachsen-Anhalt"]
[PlyCount "80"]
[WhiteFideId "12936910"]
[BlackFideId "12914827"]
[EventCountry "GER"]
[EventRounds "7"]
[EventType "team-swiss"]
[EventDate "2015.10.02"]

1. e4 c5 2. c3 Nf6 3. e5 Nd5 4. d4 cxd4 5. Nf3 Nc6 6. cxd4 d6 7. Bc4 e6 8. O-O
Be7 9. Qe2 O-O 10. Nc3 Nxc3 11. bxc3 dxe5 12. dxe5 Qa5 13. Bd2 Rd8 14. Bd3 Bd7
15. Rab1 Rab8 16. Qe4 g6 17. Bc4 Be8 18. Qe2 b5 19. Bb3 Qc7 20. Bc2 Na5 21. Bd3
Nc4 22. Bf4 Bc6 23. Nd4 Na3 24. Rbc1 a6 25. Qg4 Bd5 26. Bg5 Bxg5 27. Qxg5 Bc4
28. Bxc4 Nxc4 29. Rfe1 Rd5 30. f4 Qd8 31. Qg3 b4 32. Qf2 Qb6 33. Rb1 a5 34. Nf3
Qxf2+ 35. Kxf2 Nd2 36. Nxd2 Rxd2+ 37. Re2 Rd3 38. Re3 Rd2+ 39. Re2 Rd3 40. Re3
Rd2+ 1/2-1/2